Interobserver reliability in the 3D facial scan assessment of the outcome in dermal filler therapy

Elmentve itt :
Bibliográfiai részletek
Szerzők: Vadász Anna
Vlocskó Máté
Tarjányi Tamás
Rárosi Ferenc
Vereb Tamás
Zicsi-Liess Anna Lili
Hegedűs László
Jancsik Veronika Ágnes
Piffkó József
Dokumentumtípus: Cikk
Megjelent: 2026
Sorozat:HEAD AND FACE MEDICINE 22 No. 1
Tárgyszavak:
doi:10.1186/s13005-025-00562-1

mtmt:36494135
Online Access:http://publicatio.bibl.u-szeged.hu/39056
LEADER 01029nab a2200301 i 4500
001 publ39056
005 20260210153530.0
008 260210s2026 hu o 000 eng d
022 |a 1746-160X 
024 7 |a 10.1186/s13005-025-00562-1  |2 doi 
024 7 |a 36494135  |2 mtmt 
040 |a SZTE Publicatio Repozitórium  |b hun 
041 |a eng 
100 1 |a Vadász Anna 
245 1 0 |a Interobserver reliability in the 3D facial scan assessment of the outcome in dermal filler therapy  |h [elektronikus dokumentum] /  |c  Vadász Anna 
260 |c 2026 
300 |a 8 
490 0 |a HEAD AND FACE MEDICINE  |v 22 No. 1 
650 4 |a Klinikai orvostan 
700 0 1 |a Vlocskó Máté  |e aut 
700 0 1 |a Tarjányi Tamás  |e aut 
700 0 1 |a Rárosi Ferenc  |e aut 
700 0 1 |a Vereb Tamás  |e aut 
700 0 2 |a Zicsi-Liess Anna Lili  |e aut 
700 0 2 |a Hegedűs László  |e aut 
700 0 2 |a Jancsik Veronika Ágnes  |e aut 
700 0 2 |a Piffkó József  |e aut 
856 4 0 |u http://publicatio.bibl.u-szeged.hu/39056/1/s13005-025-00562-1.pdf  |z Dokumentum-elérés